<?xml version="1.0" encoding="UTF-8"?>
<record
    xmlns:xsi="http://www.w3.org/2001/XMLSchema-instance"
    xsi:schemaLocation="http://www.loc.gov/MARC21/slim http://www.loc.gov/standards/marcxml/schema/MARC21slim.xsd"
    xmlns="http://www.loc.gov/MARC21/slim">

  <leader>00574    a2200157   4500</leader>
  <controlfield tag="008">111021t        xxu||||| |||| 00| 0 eng d</controlfield>
  <datafield tag="020" ind1=" " ind2=" ">
    <subfield code="a">226027147</subfield>
  </datafield>
  <datafield tag="050" ind1=" " ind2=" ">
    <subfield code="a">REF PA881</subfield>
    <subfield code="b">.B38 1957</subfield>
  </datafield>
  <datafield tag="100" ind1=" " ind2=" ">
    <subfield code="a">Arndt, William F.</subfield>
  </datafield>
  <datafield tag="245" ind1=" " ind2=" ">
    <subfield code="a">A Greek-English lexicon of the New Testament and other early Christian literature : </subfield>
    <subfield code="c">Walter Bauer; William Arndt; F Wilbur Gingrich</subfield>
  </datafield>
  <datafield tag="260" ind1=" " ind2=" ">
    <subfield code="a">Chicago  </subfield>
    <subfield code="b">University of Chicago Press</subfield>
    <subfield code="c">1957</subfield>
  </datafield>
  <datafield tag="300" ind1=" " ind2=" ">
    <subfield code="a">909 p. ; </subfield>
    <subfield code="c">26 cm.</subfield>
  </datafield>
  <datafield tag="650" ind1=" " ind2=" ">
    <subfield code="a">Greek language, Biblical</subfield>
    <subfield code="v">Dictionaries</subfield>
    <subfield code="x">English</subfield>
  </datafield>
  <datafield tag="700" ind1=" " ind2=" ">
    <subfield code="a">Gingrich, F. Wilbur </subfield>
  </datafield>
  <datafield tag="942" ind1=" " ind2=" ">
    <subfield code="2">lcc</subfield>
    <subfield code="c">BK</subfield>
  </datafield>
  <datafield tag="999" ind1=" " ind2=" ">
    <subfield code="c">39584</subfield>
    <subfield code="d">39584</subfield>
  </datafield>
  <datafield tag="952" ind1=" " ind2=" ">
    <subfield code="0">0</subfield>
    <subfield code="1">0</subfield>
    <subfield code="2">lcc</subfield>
    <subfield code="4">0</subfield>
    <subfield code="7">1</subfield>
    <subfield code="8">REF</subfield>
    <subfield code="a">BOM</subfield>
    <subfield code="b">BOM</subfield>
    <subfield code="c">REF</subfield>
    <subfield code="d">2011-10-21</subfield>
    <subfield code="e">purchase</subfield>
    <subfield code="o">REF PA881 .B38 1957</subfield>
    <subfield code="p">028966</subfield>
    <subfield code="t">1</subfield>
    <subfield code="w">2011-10-21</subfield>
    <subfield code="y">BK</subfield>
  </datafield>
  <datafield tag="952" ind1=" " ind2=" ">
    <subfield code="0">0</subfield>
    <subfield code="1">0</subfield>
    <subfield code="2">lcc</subfield>
    <subfield code="4">0</subfield>
    <subfield code="7">1</subfield>
    <subfield code="8">REF</subfield>
    <subfield code="a">BOM</subfield>
    <subfield code="b">BOM</subfield>
    <subfield code="c">REF</subfield>
    <subfield code="d">2011-10-24</subfield>
    <subfield code="e">purchase</subfield>
    <subfield code="o">REF PA881 .B38 1957</subfield>
    <subfield code="p">029104</subfield>
    <subfield code="t">2</subfield>
    <subfield code="w">2011-10-24</subfield>
    <subfield code="y">BK</subfield>
  </datafield>
</record>
